Name all members of Momoland - Statistiken

Allgemein
  • Dieses Quiz wurde 16 mal gespielt
  • Das Durchschnittsergebnis liegt bei 7 aus 9
Antwortstatistiken
Members % Korrekt
Nancy
100%
JooE
92%
Daisy
75%
Jane
75%
Taeha
75%
Yeonwoo
75%
Ahin
67%
Hyebin
67%
Nayun
67%
Keine übereinstimmenden Quizze gefunden
Verteilung der Resultate
Anzahl Personen mit jedem Resultat
Perzentil nach korrekt beantworteten Fragen
Ihre Resultats-Entwicklung
Sie haben dieses Quiz noch nicht gespielt